LEADER 01109nam a2200241 i 4500 001 000000180450 003 CaOOAMICUS 005 20090710000000.0 008 090710s1968 gw u000 u ger u 013 $a158095 040 $aSeMil$bita 100 1 $aBeck, Hans-Georg.$0(OLS)http://semarc/name/22364 245 10$aVom kirchlichen Hochmittelalter bis zum Vorabend der Reformation /$cvon Hans-Georg Beck ... [et al.]. 260 $aFreiburg [etc.] :$bHerder,$c1968. 300 $aXXIX, 782 p. ;$c25 cm. 650 4$aChiesa - Storia - 1124-1517.$0(OLS)http://semarc/subject/34276 773 0 $tHandbuch der Kirchengeschichte.$dFreiburg ; Basel ; Wien : Herder, 1962-1978.$g3$w()21664 773 0 $tMittelalterliche Kirche.$dFreiburg [etc.] : Herder, 1966-1968.$g2$w()21666 850 $aSeMil 852 $aSeMil$W1$xVenegono$y1$m3A III 144$j131198$B131198$CSeMilBibl$Z2$F143089 $81 961 $aAcquisto: Altro 996 $6245$aVom kirchlichen Hochmittelalter bis zum Vorabend der Reformation$9(OLS)http://semarc/title/259101 996 $6260$aFreiburg [etc.] :$bHerder$9(OLS)http://semarc/publisher/29649 LEADER 00584naa a2200145 i 4500 001 000000302612 003 CaOOAMICUS 005 20180831172744.0 008 180831n xx u000 u und u 013 $a10346 040 $aSeMil$bita 100 1 $aSteck, Odil Hannes.$0(OLS)http://semarc/name/21352 245 10$aTritojesaja im Jesajabuch. 773 0 $aVermeylen, Jacques <1942-2014>$tBook of Isaiah.$dLeuven : University Press, 1989.$kBibliotheca Ephemeridum Theologicarum Lovaniensium$z90-6186-304-X$z90-6831-164-6$w()36418 996 $6245$aTritojesaja im Jesajabuch$9(OLS)http://semarc/title/378582